00462nam a22001817a 450000500170000001000110001702000100002803500110003803700160004904000120006508200160007724500570009326000330015027000300018330000200021365000280023370000190026120170124110222.0 a414646 c00.00 a414646 bCen Lib/Ret aDPLbEN a364.03bDIC aDictionary of criminology /cedited by Richard Nice  aLondon bVision press c1965 bLondona74A Regent street a210p.c22cm(Hb) aCriminologyvDictionary aNice, Richard